000 00305nam a2200121Ia 4500
008 250224s9999 xx 000 0 und d
020 _a9781405882293
082 _aJ428.6WIL
100 _aWilde, Oscar
245 4 _aThe picture of Drian Gray
942 _cJBK
999 _c470594
_d470594